• 首页
  • 本馆介绍
  • 公告通知
  • 最新文献
  • 馆藏检索
  • 电子资源
  • 读者导购
  • 参考咨询
  • 我的图书馆
  • 登录
  • 详细信息显示
  • 放入我的书架
  • 预约/预借图书
  • 作者相关作品
  • 分类相关作品
  • 丛书相关作品
  • 出版社相关作品

书目信息

  • 表格格式
  • 工作单格式
  • 卡片格式
题名:
探索·创新·发展
    
 
作者: 李惠琴 主编
分册:  
出版信息: 上海   文汇出版社  2020.7
页数: 383页
开本: 24cm
丛书名:
单 册:
中图分类: G632.0-53
科图分类:
主题词: 中学--教学研究--文集
电子资源:
ISBN: 978-7-5496-3133-9
000 00995nam0 2200265 450
001 012001002138
005 20140202113401.0
010    @a978-7-5496-3133-9@dCNY78.00
100    @a20220905d2020 em y0chiy50 ea
101 0  @achi
102    @aCN@b310000
105    @aak az 000yy
106    @ar
200 1  @a探索·创新·发展@Atan suo· chuang xin· fa zhan@e优秀教学论文选@f李惠琴主编
210    @a上海@c文汇出版社@d2020.7
215    @a383页@c图@d24cm
314    @a李惠琴, 上海市民办风范中学校长兼党支部书记等职。
320    @a有书目
330    @a本书是上海市民办风范中学作为市级专项研究项目成果选编的教学论文集。文选所选论文作者均为该校教师和管理人员 ; 入选作品内容都是在项目研究过程中有关课堂教学、学科建设、课程管理等方面实践所获得的经验和感悟。
517 1  @a优秀教学论文选@Ayou xiu jiao xue lun wen xuan
606 0  @a中学@x教学研究@j文集
690    @aG632.0-53@v5
701  0 @a李惠琴@ALi Hui Qin@4主编
801  0 @aCN@bAHXH@c20221111
905    @b1367594-8@dG632.0-53@e1367@f5
    
    探索·创新·发展:优秀教学论文选/李惠琴主编.-上海:文汇出版社,2020.7
    383页:图;24cm
    
    
    ISBN 978-7-5496-3133-9:CNY78.00
    本书是上海市民办风范中学作为市级专项研究项目成果选编的教学论文集。文选所选论文作者均为该校教师和管理人员 ; 入选作品内容都是在项目研究过程中有关课堂教学、学科建设、课程管理等方面实践所获得的经验和感悟。
●
相关链接 在E读中查询图书 在五车中查询图书 在当当中查询图书 在豆瓣中查询图书


正题名:探索·创新·发展     索取号:G632.0-53/1367         预约/预借

序号 登录号 条形码 馆藏地/架位号 状态 备注
1 1367594   213675940   第一样本阅览室/ [索取号:G632.0-53/1367] 在馆    
2 1367595   213675959   教育系资料室/ [索取号:G632.0-53/1367] 在馆    
3 1367596   213675968   教育系资料室/ [索取号:G632.0-53/1367] 在馆    
4 1367597   213675977   第四借阅区/ [索取号:G632.0-53/1367] 在馆    
5 1367598   213675986   第四借阅区/ [索取号:G632.0-53/1367] 在馆    
唐山师范学院图书馆 欢迎您!
大连网信软件有限公司© 版权所有